000 01351nam0a22002891 4500
001 RU\NLR\KADK\53786
005 20260407082543.0
035 _a(NLR Aleph) 009863513
090 _a10394407
_c10394407
100 _a20000719d1800 u y0rusy50 ca
101 0 _alat
102 _aRU
200 1 _aAd Geographiam practicam P. Ignatii Kautsch ... Supplementa duo, eclipsium Solis et Lunae, primum ab anno 1800 ad 1825 et secundum ab anno 1825 ad 1860, cum typo ecliptico et tabulis projectionis geographicis, quibus regiones solares eclipses spectaturae perspicue exhibentur
210 _aPetropoli [St.- Peterburg]
_cTypis Academie Imperialis scientiarum
_d1800
215 _a[2], VIII, 240 с., [21] л. карт
_d8°(22 см)
300 _aSuppl. 1 имеет самостоят. тит. л.
317 _aЭкз. со штампом Лен. Воен. б-ки, без наклейки Б-ки 1-го Кадет. корп
_5Рэ ШК / K-21 Q
620 _dSt.- Peterburg
700 1 _6z01790
_aKautsch
_bI.
_f-1812
_gIgnaz
_4070
712 0 2 _4160
_7ba
_8lat
_aAcademia scientiarum
_bTypographia
_cPetropolis
_9289639
_3RU\NLR\AUTH\888588
790 1 _6z01700
_aKautsch
_gIgnatius
_4070
801 0 _aRU
_bNLR
_c20000719
852 _aNLR
_bБ-ка 1-го Кадет. Корп.
_jРэ ШК / K-21 Q
942 _cBOOK
980 _aNB
980 _aKADK